| 000 | 00356nam a22001457a 4500 | ||
|---|---|---|---|
| 020 | _a- | ||
| 082 | _a615.5 KHA | ||
| 100 | _aKhalid, Ghaznavi Dr. | ||
| 245 | _aSaans ki bemarian aur Elaj-e-Nabvi (Urdu) | ||
| 260 |
_aLahore _bAl Faisal Publisher _c2002 |
||
| 300 | _a382 p. | ||
| 500 | _aIncludes index | ||
| 650 | _abemarian aur nabi (PBUH) | ||
| 942 | _cBK | ||
| 999 |
_c13437 _d13437 |
||